[Event "Mechanics' Spring TNM; G/2"]
[Site "San Francisco"]
[Date "2017.04.25"]
[Round "7.27"]
[White "Ricard, Bruce"]
[Black "Nassif, Wassim"]
[Result "1-0"]
[WhiteElo "1545"]
[BlackElo "1135"]
[PlyCount "75"]
[EventDate "2017.??.??"]

1. e4 e5 2. f4 d6 3. Nf3 Nc6 4. Bb5 Bd7 5. O-O Nf6 6. d3 a6 7. Ba4 b5 8. Bb3
Bg4 9. h3 Bd7 10. Ng5 d5 11. exd5 Nd4 12. fxe5 Nxb3 13. axb3 Nxd5 14. Nxf7 Qb8
15. Nxh8 Be6 16. Qh5+ g6 17. Nxg6 Qb6+ 18. Kh1 O-O-O 19. Rxf8 hxg6 20. Rxd8+
Kxd8 21. Bg5+ Kd7 22. Qe2 Qd4 23. c4 bxc4 24. dxc4 Nb4 25. Nc3 c6 26. Rd1 Qxd1+
27. Qxd1+ Kc7 28. Qd6+ Kb7 29. Qxb4+ Kc8 30. Qf8+ Kd7 31. Qe7+ Kc8 32. Qxe6+
Kc7 33. Ne4 a5 34. Nd6 a4 35. Be3 c5 36. Qc8+ Kb6 37. Bxc5+ Ka5 38. Qa8# 1-0

[Event "Mechanics' Fall TNM; G/2 d5"]
[Site "San Francisco"]
[Date "2017.10.24"]
[Round "1.29"]
[White "Ricard, Bruce"]
[Black "Revi, Frank"]
[Result "1-0"]
[WhiteElo "1804"]
[BlackElo "1232"]
[PlyCount "25"]
[EventDate "2017.??.??"]

1. e4 c5 2. c3 Nc6 3. d4 cxd4 4. cxd4 e6 5. Nf3 Bb4+ 6. Nc3 d5 7. e5 Nge7 8.
Bd3 Ba5 9. O-O Bb6 10. Nb5 O-O {Diagram [#]} 11. Bxh7+ $1 Kxh7 12. Ng5+ Kg8 (
12... Kg6 13. Qg4 f5 14. Qg3) 13. Qh5 1-0

[Event "Mechanics' Summer TNM; G/2 d5"]
[Site "San Francisco"]
[Date "2017.05.23"]
[Round "1.8"]
[White "Ricard, Bruce"]
[Black "Wong, Russell"]
[Result "0-1"]
[WhiteElo "1566"]
[BlackElo "2200"]
[PlyCount "46"]
[EventDate "2017.??.??"]

1. e4 Nf6 2. e5 Nd5 3. d4 d6 4. c4 Nb6 5. exd6 cxd6 6. Nc3 g6 7. Be3 Bg7 8. Rc1
O-O 9. Be2 d5 10. b3 Nc6 11. c5 e5 12. Nf3 e4 13. cxb6 exf3 14. Bxf3 axb6 15.
Qd2 Be6 16. O-O Ra5 17. Rfd1 b5 18. Bh6 b4 19. Ne2 Bxh6 20. Qxh6 Rxa2 21. Nf4
Ne7 22. Be2 Nf5 23. Qh3 Nxd4 0-1

[Event "Mechanics' Summer TNM; G/2 d5"]
[Site "San Francisco"]
[Date "2017.06.06"]
[Round "3.20"]
[White "Riese, Kayven"]
[Black "Chan, John"]
[Result "1-0"]
[WhiteElo "1938"]
[BlackElo "1582"]
[PlyCount "80"]
[EventDate "2017.??.??"]

1. e4 e6 2. d4 d5 3. Nc3 Nf6 4. e5 Nfd7 5. f4 g6 6. Nf3 Be7 7. Be3 a6 8. g3 b6
9. Bh3 Bb7 10. O-O c5 11. Ne2 Nc6 12. c3 Na5 13. b3 Bc6 14. Rf2 Nb7 15. Qe1 h6
16. Rc1 b5 17. Rg2 c4 18. g4 Qc7 19. Ng3 O-O-O 20. Rcc2 Kb8 21. Qa1 Qa5 22. Qb1
Ka8 23. f5 Nf8 24. b4 Qb6 25. f6 Bxf6 26. exf6 Nd7 27. Qc1 g5 28. Nh5 Nd6 29.
Ne5 Qb7 30. Rge2 Ne4 31. Nxf7 Ndxf6 32. Nxd8 Rxd8 33. Nxf6 Nxf6 34. Qf1 Ne4 35.
Bg2 Qd7 36. Bxe4 dxe4 37. h3 Qd6 38. Qg2 e5 39. Rcd2 Bd5 40. Qg3 Qf6 1-0

[Event "Mechanics' Summer TNM; G/2 d5"]
[Site "San Francisco"]
[Date "2017.05.23"]
[Round "1.22"]
[White "Riese, Kayven"]
[Black "Mathrubootham, Gan"]
[Result "1-0"]
[WhiteElo "1938"]
[BlackElo "1393"]
[Annotator "Donaldson"]
[PlyCount "95"]
[EventDate "2017.??.??"]

1. e4 e6 2. d4 d5 3. Nc3 Nf6 4. e5 Nfd7 5. f4 c5 6. Nf3 Nc6 7. Be3 a6 8. Bd3 b5
9. O-O Qb6 10. a3 cxd4 11. Bf2 b4 12. axb4 Bxb4 13. Na4 Qc7 14. Nxd4 Nxd4 15.
Bxd4 Nc5 16. c3 Nxd3 17. Qxd3 Be7 18. b4 Bd7 19. Rf2 Bb5 20. Qg3 g6 21. Nc5 O-O
22. f5 exf5 23. Rxf5 Bd7 24. Rh5 a5 25. Nxd7 Qxd7 26. bxa5 Rfb8 27. Rh3 Qf5 28.
Qd3 Rxa5 29. Rf1 Qxd3 30. Rxd3 Rb2 31. Rdf3 Raa2 32. R3f2 Rc2 (32... Rxf2 33.
Rxf2 Rxf2 34. Kxf2 Kf8 $15) 33. Rxc2 Rxc2 34. Ra1 Kg7 $2 35. e6+ f6 36. Ra7 Kf8
37. Ra8+ Kg7 38. Re8 Ba3 39. Rd8 Re2 40. Rd7+ Kh6 41. Bxf6 Rxe6 42. Bg7+ Kg5
43. Rxd5+ Kf4 44. Bh6+ Ke4 45. Rd4+ Kf5 46. g4+ Kf6 47. Rf4+ Ke7 $2 (47... Ke5
$11) 48. Bf8+ 1-0

[Event "Mechanics' Summer TNM; G/2 d5"]
[Site "San Francisco"]
[Date "2017.07.18"]
[Round "8.11"]
[White "Riese, Kayven"]
[Black "Newey, Richard"]
[Result "1-0"]
[WhiteElo "1938"]
[BlackElo "1745"]
[PlyCount "91"]
[EventDate "2017.??.??"]

1. e4 e5 2. Nf3 Nc6 3. Bb5 Nf6 4. O-O d6 5. c3 Bd7 6. Re1 Be7 7. h3 a6 8. Bf1
b5 9. d4 O-O 10. Na3 b4 11. Nc4 bxc3 12. bxc3 exd4 13. cxd4 d5 14. exd5 Nxd5
15. Bd2 Bf5 16. Qa4 Bd7 17. Qd1 Bf5 18. a3 Bf6 19. Nce5 Qd6 20. Rc1 Nce7 21.
Rc5 Bc8 22. Qb3 Be6 23. Qc2 Rfb8 24. Rc1 Qb6 25. Ba5 Qb2 26. Qxb2 Rxb2 27. Ra1
Nb6 28. Nd3 Rb5 29. Rxb5 axb5 30. Bxb6 cxb6 31. Nde5 b4 32. a4 Bd5 33. Bb5 Nc8
34. Rb1 b3 35. Nd7 Bxf3 36. Nxf6+ gxf6 37. gxf3 Nd6 38. Bc6 Rc8 39. d5 Nc4 40.
Rxb3 Na5 41. Rxb6 Rd8 42. Rb5 Nc4 43. a5 Nd6 44. Rb4 Rc8 45. a6 Rc7 46. Rb7 1-0

[Event "Mechanics' Summer TNM; G/2 d5"]
[Site "San Francisco"]
[Date "2017.06.20"]
[Round "5.24"]
[White "Riese, Kayven"]
[Black "Ricard, Bruce"]
[Result "1-0"]
[WhiteElo "1938"]
[BlackElo "1566"]
[PlyCount "23"]
[EventDate "2017.??.??"]

1. e4 c6 2. d4 d5 3. exd5 cxd5 4. c4 Nf6 5. Nc3 Nc6 6. Bg5 dxc4 7. Bxc4 Qxd4 8.
Qxd4 Nxd4 9. O-O-O e5 10. f4 Ne6 11. Bxf6 gxf6 12. Bb5+ 1-0

[Event "Mechanics' Summer TNM; G/2 d5"]
[Site "San Francisco"]
[Date "2017.07.11"]
[Round "7.43"]
[White "Robertson, Guy"]
[Black "Baterdene, Jonathan"]
[Result "1-0"]
[WhiteElo "1449"]
[BlackElo "1079"]
[PlyCount "45"]
[EventDate "2017.??.??"]

1. c4 e5 2. g3 Nf6 3. Bg2 d5 4. cxd5 Nxd5 5. a3 Nf6 6. e3 Nc6 7. Ne2 Bc5 8. O-O
Be6 9. b4 Bb6 10. b5 Na5 11. Nbc3 Bb3 12. Qe1 O-O 13. a4 a6 14. Ba3 Re8 15. Bb4
axb5 16. axb5 c5 17. bxc6 Nxc6 18. Ba3 Nd5 19. Qb1 Nxc3 20. dxc3 Bd5 21. Rd1 e4
22. c4 Ne5 23. Rxd5 1-0

[Event "Mechanics' Spring TNM; G/2"]
[Site "San Francisco"]
[Date "2017.04.04"]
[Round "4.33"]
[White "Robertson, Guy"]
[Black "Cohee, James"]
[Result "0-1"]
[WhiteElo "1463"]
[BlackElo "1651"]
[PlyCount "60"]
[EventDate "2017.??.??"]

1. c4 d6 2. d3 f5 3. g3 e5 4. Bg2 Nf6 5. Nf3 Be7 6. O-O O-O 7. Nc3 c6 8. e4 Be6
9. Ng5 Bd7 10. f4 h6 11. Nf3 Qb6+ 12. Kh1 Ng4 13. Qe2 fxe4 14. dxe4 Qc7 15. h3
Nf6 16. f5 Na6 17. Nh4 Rad8 18. Ng6 Rf7 19. g4 Nh7 20. Bf3 Be8 21. h4 Nf8 22.
h5 Bf6 23. Qh2 Nxg6 24. hxg6 Rf8 25. Bxh6 gxh6 26. Qxh6 Qg7 27. Qh5 Qh8 28. Rf2
Qxh5+ 29. gxh5 Kg7 30. Ne2 Nc7 {Black later won. Remaining moves unavailable.}
0-1

[Event "Mechanics' Spring TNM; G/2"]
[Site "San Francisco"]
[Date "2017.03.21"]
[Round "2.46"]
[White "Robertson, Guy"]
[Black "Diaz, Conrad"]
[Result "0-1"]
[WhiteElo "1463"]
[BlackElo "2269"]
[PlyCount "52"]
[EventDate "2017.??.??"]

1. Nf3 c5 2. g3 Nc6 3. Bg2 d5 4. O-O e5 5. d3 Nf6 6. Nbd2 g6 7. e4 dxe4 8. dxe4
Bg7 9. c3 O-O 10. Qe2 b6 11. Nc4 Ba6 12. b3 Qc7 13. a4 Na5 14. Nfd2 Rad8 15.
Re1 {Diagram [#]} Rxd2 16. Bxd2 Nxb3 17. Rad1 Na5 18. Bf1 Bxc4 19. Qxc4 Nxc4
20. Bxc4 Rd8 21. f4 Bh6 22. Bc1 Rxd1 23. Rxd1 exf4 24. gxf4 Bxf4 25. Bxf4 Qxf4
26. Rd8+ Kg7 0-1

[Event "Mechanics' Fall TNM; G/2 d5"]
[Site "San Francisco"]
[Date "2017.10.31"]
[Round "2.43"]
[White "Robertson, Guy"]
[Black "McLain, Julian"]
[Result "1/2-1/2"]
[WhiteElo "1400"]
[BlackElo "1506"]
[PlyCount "57"]
[EventDate "2017.??.??"]

1. d3 d5 2. Nd2 e5 3. e4 d4 4. g3 Nf6 5. Bg2 Bg4 6. Ngf3 Bb4 7. O-O O-O 8. a3
Ba5 9. b4 Bb6 10. h3 Bxf3 11. Nxf3 Qe7 12. Nh4 Nc6 13. Nf5 Qe6 14. f4 Ne7 15.
fxe5 Qxe5 16. Bf4 Qe6 17. h4 Rac8 18. Nxe7+ Qxe7 19. Bg5 Qe6 20. Bxf6 gxf6 21.
Qf3 c5 22. Kh2 Rc6 23. Bh3 f5 24. Bxf5 Qh6 25. b5 Rc7 26. a4 a5 27. bxa6 bxa6
28. a5 Ba7 29. Kh3 {White is much better. Remaining moves are unavailable.}
1/2-1/2

[Event "Mechanics' Spring TNM; G/2"]
[Site "San Francisco"]
[Date "2017.03.28"]
[Round "3.26"]
[White "Robertson, Guy R"]
[Black "Capdeville, Barry"]
[Result "1-0"]
[WhiteElo "1463"]
[BlackElo "1177"]
[PlyCount "61"]
[EventDate "2017.??.??"]

1. c4 e5 2. e3 c5 3. Nc3 Nf6 4. g3 d6 5. Bg2 Nc6 6. a3 Be7 7. Nge2 Bf5 8. d3 a6
9. O-O O-O 10. h3 Qd7 11. g4 Be6 12. f4 Qc8 13. f5 Bd7 14. e4 Nd4 15. Nxd4 cxd4
16. Ne2 Kh8 17. Kh1 Qd8 18. Bd2 Be8 19. Ng1 Ng8 20. Nf3 a5 21. b4 axb4 22. axb4
Rxa1 23. Qxa1 g5 24. b5 b6 25. Qa7 Bf6 26. Ra1 Bd7 27. Ra6 Ne7 28. Qxb6 Qxb6
29. Rxb6 Nc8 30. Rb7 Rd8 31. Ba5 1-0

[Event "Mechanics' Spring TNM; G/2"]
[Site "San Francisco"]
[Date "2017.05.02"]
[Round "8.30"]
[White "Robertson, Guy R"]
[Black "Melville, Cailen"]
[Result "0-1"]
[WhiteElo "1463"]
[BlackElo "1745"]
[PlyCount "78"]
[EventDate "2017.??.??"]

1. Nf3 e6 2. g3 b6 3. Bg2 Bb7 4. O-O f5 5. d3 Nf6 6. Nbd2 g6 7. b3 Bg7 8. Bb2
O-O 9. c4 Qe7 10. h4 d6 11. a3 a5 12. b4 axb4 13. axb4 Nbd7 14. b5 e5 15. Qc2
Nc5 16. Nb3 Ne6 17. Rfe1 f4 18. e3 Rxa1 19. Bxa1 fxg3 20. fxg3 Ng4 21. e4 Bh6
22. Bb2 Be3+ 23. Kf1 {Diagram [#]} Bf2 $1 24. Bc1 Bxg3 25. Kg1 Bxe1 26. Nxe1
Qxh4 27. Nf3 Qg3 28. Qe2 Bc8 29. Bd2 Nf4 30. Bxf4 Rxf4 31. Nbd2 Nh6 32. Nf1 Qg4
33. N1h2 Qh5 34. Qa2 Bh3 35. Qa8+ Rf8 36. Qd5+ Kg7 37. d4 Bxg2 38. Kxg2 Ng4 39.
dxe5 Ne3+ 0-1

[Event "Mechanics' Fall TNM; G/2 d5"]
[Site "San Francisco"]
[Date "2017.11.07"]
[Round "3.22"]
[White "Robertson, Guy R"]
[Black "Perepelitsky, Phil"]
[Result "0-1"]
[WhiteElo "1400"]
[BlackElo "2147"]
[PlyCount "52"]
[EventDate "2017.??.??"]

1. Nf3 d5 2. d3 Nf6 3. Nbd2 g6 4. g3 Bg7 5. Bg2 O-O 6. O-O c5 7. e4 Nc6 8. c3
e5 9. a4 h6 10. exd5 Nxd5 11. Nc4 Bf5 12. h3 Nc7 13. Ne1 Qd7 14. g4 Be6 15. Na3
Rad8 16. Nb5 Nd5 17. Bd2 a6 18. Bxd5 Bxd5 19. c4 Bxc4 20. Qc1 axb5 21. Bxh6
Bxd3 22. Nxd3 Qxd3 23. Bxg7 Kxg7 24. Qxc5 Qxh3 25. axb5 Qxg4+ 26. Kh2 Rh8# 0-1

[Event "Mechanics' Winter TNM; G/2"]
[Site "San Francisco"]
[Date "2017.02.07"]
[Round "6.34"]
[White "Robertson, Guy R"]
[Black "Weingarten, Daniel"]
[Result "0-1"]
[WhiteElo "1421"]
[BlackElo "1658"]
[PlyCount "62"]
[EventDate "2017.??.??"]

1. d4 d5 2. c4 e6 3. Nf3 Nf6 4. Nc3 dxc4 5. Qa4+ Bd7 6. Qxc4 Nc6 7. Bg5 Be7 8.
e3 O-O 9. a3 Na5 10. Qa2 a6 11. b4 Nc6 12. Bd3 h6 13. Bh4 Be8 14. O-O Nd5 15.
Bxe7 Ncxe7 16. Rac1 Nxc3 17. Rxc3 Nd5 18. Rc2 Ba4 19. Rcc1 Bb5 20. Qc2 Bxd3 21.
Qxd3 c6 22. Qd2 Qd6 23. Rfd1 Nf6 24. Ne5 Nd7 25. Nc4 Qe7 26. f4 Rfd8 27. Qe2
Nf6 28. Ne5 Rac8 29. Rf1 Nd7 30. Qh5 Nf6 31. Qh4 Nd5 {White lost on time.} 0-1

[Event "Mechanics' Winter TNM; G/2"]
[Site "San Francisco"]
[Date "2017.01.17"]
[Round "3.31"]
[White "Robertson, Guy R"]
[Black "Yanofsky, Kevin"]
[Result "0-1"]
[WhiteElo "1421"]
[BlackElo "1716"]
[PlyCount "62"]
[EventDate "2017.??.??"]

1. Nf3 c5 2. g3 g6 3. d3 Bg7 4. Bg2 Nc6 5. Nbd2 d5 6. O-O e6 7. e4 Nge7 8. c3
b6 9. a4 Bb7 10. Qe2 dxe4 11. dxe4 O-O 12. Rd1 Qc7 13. Nc4 Ba6 14. Bf4 e5 15.
Be3 Na5 16. b3 Nxb3 17. Bf1 Nxa1 18. Rxa1 Nc6 19. Qa2 Bb7 20. a5 Nxa5 21. Nxa5
bxa5 22. Nd2 Rfd8 23. Bg2 Bc8 24. Qa3 Be6 25. f4 Rd3 26. Kf2 Rad8 27. Ke2 Bh6
28. Rf1 Qb6 29. Rf3 Bg4 30. h3 Bxf3+ 31. Bxf3 Qa6 0-1

[Event "Mechanics' Fall TNM; G/2 d5"]
[Site "San Francisco"]
[Date "2017.12.12"]
[Round "8.26"]
[White "Robertson, Terrance"]
[Black "Abraham, Michael D"]
[Result "0-1"]
[WhiteElo "1352"]
[BlackElo "1651"]
[PlyCount "122"]
[EventDate "2017.??.??"]

1. e4 c5 2. Nf3 d6 3. d4 cxd4 4. Nxd4 Nf6 5. Nc3 a6 6. Be3 e5 7. Nb3 Be6 8. f3
Be7 9. Qd2 b5 10. g4 Qc7 11. O-O-O Nc6 12. g5 Nd7 13. Nd5 Bxd5 14. exd5 Nd8 15.
h4 Nb7 16. Bh3 a5 17. Kb1 a4 18. Nc1 Na5 19. Bf1 Nc4 20. Bxc4 bxc4 21. a3 Rb8
22. Na2 O-O 23. h5 f5 24. gxf6 Bxf6 25. h6 g6 26. c3 Nc5 27. Nb4 Nb3 28. Qc2
Rb7 29. Rhg1 Qf7 30. Qf5 Bh8 31. Qe6 Rd7 32. Rg4 Nc5 33. Bxc5 dxc5 34. Qxf7+
Rdxf7 35. Nc6 Rxf3 36. Nxe5 Bxe5 37. Rxc4 Rf1 38. Rxf1 Rxf1+ 39. Kc2 g5 40.
Rxa4 Rf4 41. Rxf4 Bxf4 42. Kd3 Kf7 43. b4 Bd6 44. b5 c4+ 45. Kxc4 g4 46. Kd3 g3
47. Ke2 Bxa3 48. b6 Bd6 49. Kf3 Kf6 50. b7 Ke7 51. c4 Kd7 52. c5 Bb8 53. c6+
Kd8 54. Kg2 Ke7 55. Kf3 Kf6 56. Kg2 Kf5 57. Kf3 Kg5 58. Kg2 Kg4 59. Kg1 Kh3 60.
Kh1 g2+ 61. Kg1 Bh2+ 0-1

[Event "Mechanics' Spring TNM; G/2"]
[Site "San Francisco"]
[Date "2017.05.02"]
[Round "8.43"]
[White "Robertson, Terrance"]
[Black "Bayaraa, Timothy"]
[Result "1-0"]
[WhiteElo "1380"]
[BlackElo "621"]
[PlyCount "35"]
[EventDate "2017.??.??"]

1. e4 e5 2. Nf3 Nc6 3. d4 exd4 4. Nxd4 Bc5 5. Be3 d5 6. Nxc6 Qf6 7. Nd4 dxe4 8.
Nc3 Be6 9. Ndb5 Bxe3 10. Nxc7+ Kf8 11. Qd6+ Ne7 12. Nxe6+ fxe6 13. fxe3 Kf7 14.
Qf4 Nf5 15. O-O-O e5 16. Qxe4 Rad8 17. Bc4+ Ke7 18. Qxb7+ 1-0

[Event "Mechanics' Peter Grey TNM; G/2 d5"]
[Site "San Francisco"]
[Date "2017.08.22"]
[Round "3.43"]
[White "Robertson, Terrance"]
[Black "Boldi, Nicholas"]
[Result "0-1"]
[WhiteElo "1433"]
[BlackElo "1250"]
[PlyCount "133"]
[EventDate "2017.??.??"]

1. e4 e6 2. d4 d5 3. Nc3 c5 4. Nf3 Nc6 5. Bb5 Bd7 6. e5 Qb6 7. Be3 cxd4 8. Bxd4
Nxd4 9. Nxd4 Bc5 10. Na4 Qa5+ 11. c3 Bxb5 12. Nxb5 Qxb5 13. Nxc5 Qxc5 14. O-O
Ne7 15. Rc1 Ng6 16. Re1 Qb6 17. Qa4+ Qc6 18. Qd4 O-O 19. h4 Qc4 20. b3 Qxd4 21.
cxd4 Nxh4 22. Rc7 b6 23. Rec1 h6 24. f4 Nf5 25. Kf2 h5 26. a4 Nxd4 27. b4 Nf5
28. a5 bxa5 29. bxa5 g6 30. a6 Kg7 31. Rb7 Rfb8 32. Rcc7 Rxb7 33. axb7 Rb8 34.
Ke2 a5 35. Kd3 a4 36. Kc3 a3 37. Kb3 a2 38. Kxa2 Nh4 39. Kb3 Nxg2 40. Kb4 h4
41. Kb5 h3 42. Kb6 h2 43. Rc1 Nxf4 44. Kc7 Rxb7+ 45. Kxb7 Nd3 46. Rh1 Nxe5 47.
Rxh2 Kf6 48. Kc7 Nc4 49. Rh4 Kg5 50. Rd4 Kf5 51. Kd7 Ke5 52. Rg4 f5 53. Rxg6 f4
54. Rxe6+ Kd4 55. Kc6 Ne5+ 56. Kd6 Nc4+ 57. Kc6 f3 58. Re7 Ne5+ 59. Kd6 f2 60.
Rxe5 f1=Q 61. Rxd5+ Kc4 62. Ke6 Qe2+ 63. Kd6 Qe8 64. Rc5+ Kb4 65. Rc7 Qg6+ 66.
Kd7 Kb5 67. Rb7+ 0-1

[Event "Mechanics' Fall TNM; G/2 d5"]
[Site "San Francisco"]
[Date "2017.12.19"]
[Round "9.31"]
[White "Robertson, Terrance"]
[Black "Brown, Nicholas M"]
[Result "1-0"]
[WhiteElo "1352"]
[BlackElo "1496"]
[Annotator "Donaldson"]
[PlyCount "21"]
[EventDate "2017.??.??"]

1. e4 c6 2. d4 d5 3. exd5 cxd5 4. c4 Nf6 5. Nc3 e6 6. Nf3 Bb4 7. Bg5 Nbd7 (7...
O-O) 8. cxd5 exd5 9. Bxf6 Nxf6 $4 {Diagram [#]} (9... Qxf6) 10. Qa4+ Bd7 11.
Qxb4 1-0

[Event "Mechanics' Peter Grey TNM; G/2 d5"]
[Site "San Francisco"]
[Date "2017.08.08"]
[Round "1.17"]
[White "Robertson, Terrance"]
[Black "Buyo, Glenn"]
[Result "0-1"]
[WhiteElo "1433"]
[BlackElo "1963"]
[PlyCount "103"]
[EventDate "2017.??.??"]

1. e4 d6 2. d4 Nf6 3. Nc3 c6 4. Nf3 Qa5 5. Bd3 e5 6. O-O Be7 7. dxe5 dxe5 8.
Ne2 O-O 9. Ng3 Re8 10. b3 Nbd7 11. Bd2 Qc7 12. b4 Bf8 13. c4 g6 14. c5 b6 15.
cxb6 axb6 16. a3 Bg7 17. h3 Nf8 18. Bc4 Be6 19. Qc1 Bxc4 20. Qxc4 Ne6 21. Rfc1
Rec8 22. b5 c5 23. Be3 Rd8 24. Ne2 Rd7 25. Nc3 h6 26. a4 Rad8 27. Ne1 Nd4 28.
f3 Rd6 29. Kf1 Kh7 30. Bg1 h5 31. Bh2 R6d7 32. Rd1 h4 33. g4 hxg3 34. Bxg3 Nh5
35. Kf2 f5 36. Nd5 Qb7 37. Nd3 Nxg3 38. Kxg3 fxe4 39. fxe4 Rf7 40. Rf1 Rdf8 41.
Rf2 Rf3+ 42. Rxf3 Rxf3+ 43. Kg2 Qd7 44. Nf2 Qd8 45. Rf1 Qg5+ 46. Ng4 Qd2+ 47.
Rf2 Rxf2+ 48. Nxf2 Nc2 49. Nxb6 Ne3+ 50. Kg3 Nxc4 51. Nxc4 Qf4+ 52. Kg2 {
Black later won. Remaining moves unavailable.} 0-1

[Event "Mechanics' Spring TNM; G/2"]
[Site "San Francisco"]
[Date "2017.04.18"]
[Round "6.44"]
[White "Robertson, Terrance"]
[Black "Capdeville, Barry"]
[Result "0-1"]
[WhiteElo "1380"]
[BlackElo "1177"]
[Annotator "Sherwood"]
[PlyCount "134"]
[EventDate "2017.??.??"]

1. e4 e5 2. Nf3 Nf6 3. Nxe5 d6 4. Nf3 Nxe4 5. d4 d5 6. Bd3 Bf5 7. O-O Be7 8.
Ne5 O-O 9. Re1 Nd6 10. Nc3 Bxd3 11. Qxd3 c6 12. Qg3 Nd7 13. Ng4 Nf5 14. Nh6+
Nxh6 15. Bxh6 Bf6 16. Qg4 Kh8 17. Bd2 g6 18. Bh6 Bg7 19. Bxg7+ Kxg7 20. Re3 Nf6
21. Qd1 Qd7 22. h3 Rae8 23. Qd3 Rxe3 24. Qxe3 Re8 25. Qd2 Ne4 26. Nxe4 Rxe4 27.
Re1 Rxe1+ 28. Qxe1 Qe6 29. Qe5+ Qxe5 30. dxe5 Kf8 31. f4 Ke7 32. g4 Ke6 33. h4
h6 34. Kf2 g5 35. hxg5 hxg5 36. Kf3 c5 37. b3 b5 38. c3 d4 39. c4 d3 40. fxg5
b4 41. Ke3 Kxe5 42. Kxd3 Kf4 43. Ke2 Kxg4 44. Ke3 Kxg5 45. Ke4 f5+ 46. Kf3 f4
47. Kf2 Kg4 48. Kg2 f3+ 49. Kf2 Kf4 50. Kf1 Ke3 51. Ke1 f2+ 52. Kf1 Kd2 (52...
a6 53. Kg2 (53. a3 bxa3 $19) 53... Ke2 $19) 53. Kxf2 Kc2 54. Ke3 Kb2 55. Ke4
Kxa2 56. Kd5 Kxb3 57. Kxc5 a5 58. Kd5 a4 59. c5 a3 60. c6 a2 61. c7 a1=Q 62.
c8=Q Qh1+ 63. Kd4 Qd1+ 64. Ke3 Qe1+ 65. Kf4 Qd2+ 66. Ke4 Qc2+ 67. Qxc2+ Kxc2
0-1

[Event "Mechanics' Spring TNM; G/2"]
[Site "San Francisco"]
[Date "2017.03.21"]
[Round "2.34"]
[White "Robertson, Terrance"]
[Black "Casares Jr, Nick"]
[Result "0-1"]
[WhiteElo "1380"]
[BlackElo "1600"]
[PlyCount "86"]
[EventDate "2017.??.??"]

1. e4 e5 2. Nf3 Nc6 3. d4 exd4 4. Nxd4 Bc5 5. Be3 Qf6 6. c3 Nge7 7. Bc4 d6 8.
O-O O-O 9. f4 Ng6 10. e5 dxe5 11. fxe5 Qxe5 12. Qd2 Be6 13. Bxe6 fxe6 14. Rxf8+
Rxf8 15. b4 Bd6 16. Nf3 Qh5 17. Na3 Nge5 18. Nxe5 Nxe5 19. Nc2 Nc4 20. g4 Nxd2
21. gxh5 Nf3+ 22. Kg2 Nxh2 23. Nd4 Ng4 24. Re1 Nxe3+ 25. Rxe3 e5 26. Ne6 Rf6
27. Ng5 Rh6 28. Rh3 g6 29. hxg6 Rxg6 30. Rg3 e4 31. Nxe4 Rxg3+ 32. Nxg3 Bxg3
33. Kxg3 b5 34. Kf4 Kf7 35. Kf5 Ke7 36. Ke5 h5 37. a3 h4 38. Kf4 Kd6 39. Kg4
Kd5 40. Kxh4 Kc4 41. Kg4 Kxc3 42. Kf4 Kb3 43. Ke4 Kxa3 0-1

[Event "Mechanics' Fall TNM; G/2 d5"]
[Site "San Francisco"]
[Date "2017.11.14"]
[Round "4.30"]
[White "Robertson, Terrance"]
[Black "Cendejas, Juan"]
[Result "0-1"]
[WhiteElo "1352"]
[BlackElo "1688"]
[PlyCount "52"]
[EventDate "2017.??.??"]

1. e4 e5 2. Nf3 Nc6 3. d4 exd4 4. Nxd4 Bc5 5. Be3 Qe7 6. Nxc6 dxc6 7. Bxc5 Qxc5
8. Nc3 Bd7 9. Bd3 O-O-O 10. Qe2 Nf6 11. O-O-O Rhe8 12. h3 Qa5 13. f4 b5 14. a3
Be6 15. e5 Nd5 16. Nxd5 Bxd5 17. Rhe1 b4 18. axb4 Qa1+ 19. Kd2 Qxb2 20. Rb1 Qd4
21. g3 Ba2 22. Qg4+ Kb8 23. Qxg7 Rg8 24. Qxh7 Rxg3 25. Re4 Rg2+ 26. Kd1 Qc3 0-1

[Event "Mechanics' Fall TNM; G/2 d5"]
[Site "San Francisco"]
[Date "2017.10.31"]
[Round "2.35"]
[White "Robertson, Terrance"]
[Black "Chen, Bryant Alan"]
[Result "1/2-1/2"]
[WhiteElo "1352"]
[BlackElo "1603"]
[PlyCount "77"]
[EventDate "2017.??.??"]

1. e4 c5 2. Nf3 g6 3. d4 cxd4 4. Nxd4 Bg7 5. c4 Nc6 6. Be3 Qa5+ 7. Nc3 Nf6 8.
Nb3 Qc7 9. Be2 d6 10. O-O Be6 11. Rc1 O-O 12. f3 Ne5 13. Nd5 Qd7 14. Nd4 Rfc8
15. b3 Bxd5 16. cxd5 Rxc1 17. Qxc1 Rc8 18. Qd2 a6 19. Rc1 Rxc1+ 20. Qxc1 e6 21.
dxe6 fxe6 22. Qc2 Kf7 23. h3 Qe7 24. f4 Ned7 25. Nf3 Bh6 26. Kf2 e5 27. fxe5
Bxe3+ 28. Kxe3 Nxe5 29. Nxe5+ Qxe5 30. Qc7+ Qe7 31. Qxe7+ Kxe7 32. Bc4 b5 33.
Bd5 Nxd5+ 34. exd5 Kf6 35. Ke4 Kg5 36. g3 h6 37. a4 b4 38. a5 Kf6 39. h4
1/2-1/2

[Event "Mechanics' Winter TNM; G/2"]
[Site "San Francisco"]
[Date "2017.02.21"]
[Round "8.35"]
[White "Robertson, Terrance"]
[Black "Erdenebileg, Erkhes"]
[Result "1/2-1/2"]
[WhiteElo "1380"]
[BlackElo "1412"]
[PlyCount "91"]
[EventDate "2017.??.??"]

1. e4 e5 2. Nf3 Nc6 3. d4 exd4 4. Nxd4 Nxd4 5. Qxd4 d6 6. Bc4 Nf6 7. O-O Be7 8.
Nc3 O-O 9. b3 h6 10. Bb2 c6 11. Rad1 Re8 12. Rfe1 b5 13. Bd3 Bb7 14. e5 dxe5
15. Qxe5 Bd6 16. Qf5 Rxe1+ 17. Rxe1 Qc8 18. Qxc8+ Rxc8 19. Ne4 Nxe4 20. Rxe4 a6
21. Rd4 Be5 22. Rd7 Bxb2 23. Rxb7 Bd4 24. Kf1 Kf8 25. c4 Ke8 26. f4 Rd8 27. Ke2
Rd7 28. Rxd7 Kxd7 29. cxb5 cxb5 30. Be4 a5 31. Kd3 Bb6 32. g4 Kd6 33. h3 Bd8
34. a4 bxa4 35. bxa4 Ke6 36. Kd4 Bb6+ 37. Kc4 Bc7 38. Bd5+ Kf6 39. Kb5 g6 40.
Bc4 g5 41. f5 Ke7 42. Kc6 Bd6 43. Bb3 f6 44. Kb5 Bb4 45. Kc6 Bc3 46. Be6
1/2-1/2

[Event "Mechanics' Summer TNM; G/2 d5"]
[Site "San Francisco"]
[Date "2017.06.13"]
[Round "4.19"]
[White "Robertson, Terrance"]
[Black "Goins, Demetrius"]
[Result "0-1"]
[WhiteElo "1421"]
[BlackElo "2139"]
[PlyCount "95"]
[EventDate "2017.??.??"]

1. e4 e5 2. Nf3 Nc6 3. d4 exd4 4. Nxd4 Qh4 5. Nc3 Bb4 6. Be2 Nge7 7. Ndb5 Ba5
8. O-O a6 9. Nd4 Bxc3 10. bxc3 Qxe4 11. Bf3 Qh4 12. Re1 O-O 13. Nxc6 Nxc6 14.
Bxc6 dxc6 15. Ba3 Rd8 16. Be7 Rxd1 17. Bxh4 Rxa1 18. Rxa1 Be6 19. a3 f6 20. Rd1
Re8 21. f3 Bf5 22. Kf2 Kf7 23. Bg3 Re7 24. Rd2 Ke8 25. Bf4 Rd7 26. Ke2 c5 27.
g4 Be6 28. Be3 Bd5 29. f4 b6 30. f5 Be4 31. h4 Rxd2+ 32. Kxd2 Bf3 33. g5 Be4
34. gxf6 gxf6 35. Bf4 Kd7 36. Bh6 c4 37. Bg7 Ke7 38. Ke3 Bxf5 39. Kd4 Be6 40.
Ke4 Bf7 41. Kf5 Bg6+ 42. Kg4 Bxc2 43. Bh6 Ke6 44. Kf4 c6 45. Ke3 Ke5 46. Bf4+
Kf5 47. h5 Kg4 48. h6 {and Black went on to win. Remaining moves unavailable.}
0-1

[Event "Mechanics' Winter TNM; G/2"]
[Site "San Francisco"]
[Date "2017.02.07"]
[Round "6.40"]
[White "Robertson, Terrance"]
[Black "Graeber, Marie K"]
[Result "1-0"]
[WhiteElo "1380"]
[BlackElo "1544"]
[PlyCount "75"]
[EventDate "2017.??.??"]

1. e4 c5 2. Nf3 d6 3. d4 cxd4 4. Nxd4 Nf6 5. Nc3 a6 6. Be3 g6 7. f3 Bg7 8. Qd2
Bd7 9. O-O-O Nc6 10. Be2 Nxd4 11. Bxd4 O-O 12. g4 Ne8 13. Bxg7 Nxg7 14. h4 Rc8
15. h5 Bc6 16. hxg6 fxg6 17. Qh6 b5 18. Qxh7+ Kf7 19. Rh6 Rg8 20. Qxg6+ Kf8 21.
Rdh1 Be8 22. Qg5 Ne6 23. Qh4 Bf7 24. Rh8 Ke8 25. g5 Kd7 26. Rxg8 Qxg8 27. f4
Qd8 28. Qg4 Qc7 29. Rh7 Bg8 30. Rh6 b4 31. f5 Qc5 32. fxe6+ Kc6 33. Nd5 Kb7 34.
Bd3 Qd4 35. Nxe7 Rc5 36. Qd1 Ka7 37. Kb1 Rxg5 38. Nc6+ 1-0